000
003030000a22001330004500
041
0
_a
ENG
082
0
4
_a
G 230.4 Bow
100
1
_a
Bowden, John (1751-1817)
245
1
0
_a
Karl Barth : Theologian / John Bowden
260
_a
Tottenham Road, London : SCM
300
_a
119 Pag
001
3658
942
_c
BK
999
_c
34303
_d
34303